书目信息 |
| 书名: | Communication in our lives | |
| 作者: | Julia T. Wood. | |
| 分册号: | ||
| 分册名: | 出版地: | Belmont, CA : |
|
| 出版社: | Wadsworth/Thomson Learning | |
| 出版时间: | c2000. | |
| 页数: | xxvi, 451 p. : | |
| 开本: | 26 cm. | |
| 丛书名: | Wadsworth series in speech communication | |
| 中图分类号: | ||
| 科图分类号: | ||
| 其他分类号: | C912.1 | |
| 主题词: | ||
| 电子资源: | ||
| 000 | 00788nam 22000241i 450 | |
| 001 | 0200043199 | |
| 005 | 20070423092515.14 | |
| 008 | 990521m2000 u y a b 001 0 | |
| 020 | @a0534560717 (annotated instructor's ed.). | |
| 020 | @a0534560709. | |
| 041 | @aeng | |
| 050 | @aP90@b.W618 2000 | |
| 082 | 04 | @a302.2@221 |
| 090 | @aC912.1 | |
| 099 | @dC912.1@ex49=2 | |
| 100 | 1 | @aWood@cJulia T., |
| 245 | 10 | @aCommunication in our lives / @cJulia T. Wood. |
| 250 | @a3rd ed., annotated instructor's ed. | |
| 260 | 1 | @aBelmont, CA :@bWadsworth/Thomson Learning,@cc2000. |
| 300 | @axxvi, 451 p. :@bill. (some col.) ;@c26 cm. | |
| 440 | 0 | @aWadsworth series in speech communication |
| 504 | @aIncludes bibliographical references (p. 429-442) and index. | |
| 650 | 4 | @aCommunication |
| Communication in our lives / / Julia T. Wood.-3rd ed., annotated instructor's ed.-Belmont, CA : : Wadsworth/Thomson Learning, , c2000. |
| xxvi, 451 p. : : ill. (some col.) ; ; 26 cm.- (Wadsworth series in speech communication ) |
| Includes bibliographical references (p. 429-442) and index. |
| ISBN 0534560717 (annotated instructor's ed.). |
| ● |
| 相关链接 |
|
|
|
|
正题名:Communication in our lives
索取号:C912.1/x49=2
 
预约/预借
| 序号 | 登录号 | 条形码 | 馆藏地/架位号 | 状态 | 备注 |
| 1 | 4661 | 300046616 | 第二样本阅览室/ [索取号:C912.1/x49=2] | 在馆 | |
| 2 | 4662 | 300046625 | 第四借阅区/ [索取号:C912.1/x49=2] | 在馆 | |
| 3 | 4663 | 300046634 | 第四借阅区/ [索取号:C912.1/x49=2] | 在馆 |